| 000 | 00383pab a2200133 454500 | ||
|---|---|---|---|
| 008 | 180718b1988 xxu||||| |||| 00| 0 eng d | ||
| 100 | _aPaukert, Felix | ||
| 245 | _aPrice policies as a form of incomes policy in developing countries | ||
| 260 | _c1988 | ||
| 300 | _a293-316 | ||
| 650 | _aPrice Policy - Underdeveloped Areas | ||
| 773 | _aInterntional Labour Review | ||
| 909 | _a16369 | ||
| 999 |
_c16369 _d16369 |
||